00471nam a2200181Ia 4500003000400000008004100004040001600045082001500061100001400076245005900090700002100149700001900170260003000189300001000219650001400229650002500243650002100268GCL140319s9999 xx 000 0 eng d aGCL / cGCL04a658.8bH B1 aMARKETING10aBUSINESS MARKETING: A GLOBAL PRESPECTIVE / cMARKETING1 aHAYES, H MICHAEL1 aJENSTER, PER V a[S.N] : bIRWIN ، c1995 a342 P04aMARKETING04aINDUSTRIAL MARKETING04aEXPORT MARKETING